Thyristor phase-controlled converters and cycloconverters: operation, control, and performance
Gorde:
| Egile nagusia: | |
|---|---|
| Formatua: | Liburua |
| Hizkuntza: | ingelesa |
| Argitaratua: |
Nueva York
John Wiley
1971
|
| Gaiak: | |
| Etiketak: |
Etiketa erantsi
Etiketarik gabe, Izan zaitez lehena erregistro honi etiketa jartzen!
|
MARC
| LEADER | 00000nam a2200000 a 4500 | ||
|---|---|---|---|
| 001 | UCV6704 | ||
| 003 | CL-VaPUC | ||
| 008 | 930901e19710000US |||||||||||||||||eng|d | ||
| 082 | 0 | 4 | |a 621.381 |b PEL |2 21 |
| 100 | 0 | |a Pelly, Brian R |e author |9 300753 | |
| 245 | 1 | 0 | |a Thyristor phase-controlled converters and cycloconverters: operation, control, and performance |
| 300 | |a 434 p | ||
| 942 | |c BK | ||
| 945 | |d 19930901 00:00:00 | ||
| 260 | |a Nueva York |b John Wiley |c 1971 | ||
| 650 | 7 | |a TIRISTORES |2 CL-VaPUC |9 300754 | |
| 650 | 0 | |a Convertidores de corriente eléctrica |9 260727 | |
| 583 | |a last modification |c 19930901 00:00:00 |k Rodrigo Vera | ||
| 999 | |c 212610 |d 212608 | ||
| 952 | |0 0 |1 0 |4 0 |6 621_381000000000000_PEL_1971 |7 0 |8 A |9 193735 |a BIBING |b BIBING |d 2019-11-14 |i 2618907 |o 621.381 PEL 1971 |p 2618907 |r 2025-01-20 |w 2019-11-14 |y BK |k EIE | ||